R (on the application of Barket) v Waverley BC and BAE Systems plc (Record no. 70264)
[ view plain ]
| 000 -LEADER | |
|---|---|
| fixed length control field | 00829cam a2200193 4500 |
| 001 - CONTROL NUMBER | |
| control field | X117977 |
| 008 - FIXED-LENGTH DATA ELEMENTS--GENERAL INFORMATION | |
| fixed length control field | 020515n2002 000 0 eng u |
| 035 ## - SYSTEM CONTROL NUMBER | |
| System control number | (Sirsi) u117978 |
| 245 ## - TITLE STATEMENT | |
| Title | R (on the application of Barket) v Waverley BC and BAE Systems plc |
| 260 ## - PUBLICATION, DISTRIBUTION, ETC. | |
| Date of publication, distribution, etc. | 2002 |
| 490 ## - SERIES STATEMENT | |
| Series statement | Journal of Planning and Environment Law |
| Volume/sequential designation | [2002] JPL 87-97(10) |
| 520 ## - SUMMARY, ETC. | |
| Summary, etc. | CA 5 April 2001. Application under Town and Country Planning Act 1990 s73 to have conditions removed. Material considerations. Legitimate expectation that conditions would be continued. [Taken from journal abstract]. |
| 650 ## - SUBJECT ADDED ENTRY--TOPICAL TERM | |
| Topical term or geographic name entry element | R V WAVERLEY BC AND ANOTHER EX P BARKER |
| 650 ## - SUBJECT ADDED ENTRY--TOPICAL TERM | |
| Topical term or geographic name entry element | TOWN AND COUNTRY PLANNING ACT 1990 S73 |
| 650 ## - SUBJECT ADDED ENTRY--TOPICAL TERM | |
| Topical term or geographic name entry element | MATERIAL CONSIDERATIONS |
| 650 ## - SUBJECT ADDED ENTRY--TOPICAL TERM | |
| Topical term or geographic name entry element | PLANNING CONDITIONS |
| 690 ## - LOCAL SUBJECT ADDED ENTRY--TOPICAL TERM (OCLC, RLIN) | |
| Topical term or geographic name as entry element | Planning and development |
| 9 (RLIN) | 6259 |
| 942 ## - ADDED ENTRY ELEMENTS (KOHA) | |
| Suppress in OPAC | 0 |
| Withdrawn status | Lost status | Source of classification or shelving scheme | Damaged status | Not for loan | Home library | Current library | Shelving location | Date acquired | Total Checkouts | Full call number | Barcode | Date last seen | Copy number | Price effective from | Koha item type |
|---|---|---|---|---|---|---|---|---|---|---|---|---|---|---|---|
| Dewey Decimal Classification | London | London | Journal article | 15/05/2002 | X117978 | 117978-1001 | 06/08/2019 | 1 | 06/08/2019 | Journal article |